000 00504nam a2200145 a 4500
008 120416s1968 ||||||||||||||||| || u
050 _aTA 148 Ove
100 _aOverman, Michael
245 1 0 _aRoads, bridges and tunnels
246 _amodern approaches to road engineering
260 _aLondon
_bAldus
_c1968
300 _a191p. : ill.
350 _a0.00
995 _D0.00
_FCBU-MAIN LIBRARY (Kitwe)
_H1
_I1.50
_ULOST
_ZMain Library Open Access Collection
999 _c56623
_d56623